| 000 | 00510nam a2200205Ia 4500 | ||
|---|---|---|---|
| 003 | OSt | ||
| 005 | 20140414143151.0 | ||
| 008 | 140130s9999 xx 000 0 und d | ||
| 020 | _a0448416042 | ||
| 050 |
_aPZ 7 _b.C638Pr 2005 |
||
| 100 | _aCocca-Leffler, Maryann | ||
| 245 |
_cMaryann Cocca-Leffler _aPrincess For a Day / |
||
| 260 |
_bScholastic, _c2005. _aNew York : |
||
| 300 |
_a32 p. : _bcol. ill. ; _c22 cm. |
||
| 440 | _v1 | ||
| 521 | _aBR | ||
| 526 | _c140 | ||
| 942 |
_cBK _2lcc |
||
| 999 |
_c39865 _d39865 |
||